Negotiating Conflict / (Record no. 10)

MARC details
000 -LEADER
fixed length control field 00502nam a22001817a 4500
005 - DATE AND TIME OF INPUT
control field 20231023133210.0
008 - DATA ELEMENTS--GENERAL INFORMATION
fixed length control field 231023b |||||||| |||| 00| 0 eng d
020 ## - INTERNATIONAL STANDARD BOOK NUMBER
International Standard Book Number 0702126128
041 ## - LANGUAGE CODE
Language code of text English
082 ## - SHELF NUMBER
DDC number 158 ANS
100 ## - MAIN AUTHOR
Main author's name Anstey, M
Language of a work English
245 ## - TITLE STATEMENT
Title Negotiating Conflict /
Statement of responsibility, etc. M Anstey
250 ## - EDITION STATEMENT
Edition statement First Edition
260 ## - PUBLICATION, DISTRIBUTION, ETC.
Place of publication, distribution, etc. Cape Town :
Name of publisher, distributor, etc. Creda Press,
Date of publication, distribution, etc. 1991
300 ## - PHYSICAL DESCRIPTION
Other physical details xx, 402 pages ;
Dimensions 22 cm
650 ## - SUBJECT`
Broad subject Legal practice
Own subject terms Law
942 ## - ADDED ENTRY ELEMENTS (KOHA)
Item type Books
942 ## - ADDED ENTRY ELEMENTS (KOHA)
-- ALISON_B_N__VRIES
Holdings
Source of classification or shelving scheme Not for loan Collection code Home library Current library Date acquired Full call number Barcode Price effective from Koha item type
Dewey Decimal Classification   TEXT BOOKS LAW SOCIETY OF NAMIBIA LIBRARY - WINDHOEK LAW SOCIETY OF NAMIBIA LIBRARY - WINDHOEK 10/23/2023 158 ANS LSN/1994/5 10/23/2023 Books